| 000 | 00578nam a2200205 i 4500 | ||
|---|---|---|---|
| 001 | 134151 | ||
| 003 | ES-MaACL | ||
| 005 | 20230906194618.0 | ||
| 007 | t| | ||
| 008 | 070905s1959 sp ||||1| spa d | ||
| 100 | 1 |
_aWynd, Oswald. _9117474 |
|
| 245 | 1 | 0 |
_aFuentes de odio / _cOswald Wynd ; [versión de Mario Bartolomé]. |
| 260 |
_a[Barcelona] : _bCisne, _c1959. |
||
| 300 |
_a288 p. ; _c18 cm. |
||
| 490 | 1 |
_aCisne ; _v46 |
|
| 700 | 1 |
_aBartolomé, Mario. _926167 |
|
| 830 | 0 |
_aCisne ; _v46 _9186968 |
|
| 852 |
_aES-MaACL _jC-17048 _bR.44752 |
||
| 999 |
_c134151 _d134151 |
||